000 00860nam a2200265 a 4500
001 000044982
003 DO-SdBNP
005 20240412074304.0
007 ta
008 150128s1975 dr 000 p spa d
040 _aDO-SdBNP
_bspa
_cBNPHU
082 4 _aRD861.44
_bS237g 1975
_222
100 1 _aSantos, Dhimas E.
_972994
_d1937-
245 1 0 _aGalaxias /
_cDhimas E. Santos ; prólogo Raschid E. Záiter L.
250 _a2a ed. aumentada
260 _a[Santo Domingo :
_bs.n.],
_c1975.
300 _c[61] p. (paginación varia).
_c21 cm.
500 _aIncluye datos biográficos del autor en la contracubierta.
590 _aInventariado, 2019 / DG
650 4 _aPoesía dominicana
_966
650 0 _aLiteratura dominicana.
_967
700 1 _aZáiter L., Raschid E.,
_epról.
_926811
910 _aValidado. Control de calidad MFF
942 _2ddc
_cLBS1
999 _c44471
_d44471